Los estadios de fútbol más grandes del mundo - Estadísticas

Estadísticas generales
  • Esta prueba ha sido intentada 108 veces
  • La puntuación promedio es 8 de 20
Estadísticas de respuestas
# País Estadio Capacidad % Correcto
2. Camp Nou 99,354
98%
10. Estadio Santiago Bernabéu 85,000
96%
6. Wembley Stadium 90,000
81%
20. Estádio do Maracanã 78,838
74%
3. Estadio Azteca 95,500
73%
18. San Siro Stadio / Stadio Giuseppe Meazza 80,018
64%
11. Estadio Mâs Monumental 84,567
61%
17. Estadio Monumental 80,093
55%
14. Stade de France 80,698
33%
7. Lusail Stadium 88,966
30%
13. Westfalenstadion 81,365
28%
4. FNB Stadium 94,736
25%
1. Rungrado 1st of May Stadium 114,000
20%
15. Luzhniki Stadium 78,011
18%
9. Borg El Arab Stadium 86,000
4%
8. Bukit Jalil National Stadium 87,411
4%
5. New Administrative Capital Stadium 93,940
4%
19. Stade des Martyrs de la Pentecôte 80,000
4%
12. Stadion Internasional Jakarta 82,000
4%
16. Stadium Shah Alam 80,372
4%
No se encontraron pruebas coincidentes
Distribución de puntuación
Porcentaje de gente con cada puntuación
Porcentaje por número respondido
Historial de tus puntuaciones
No has intentado esta prueba.